000
00250nam a22000977a 4500
008
221031b |||||||| |||| 00| 0 eng d
020
_a
9788194192657
100
_a
SHARMA R.D
245
_a
MATHEMATICS-XII (VOL-1)
260
_a
NEW DELHI
_b
DHANPAT RAI
_c
2022
999
_c
12108
_d
12108